Monthly digest of statistics (Record no. 93065)

MARC details
000 -LEADER
fixed length control field 02725cam a2200829 4500
008 - FIXED-LENGTH DATA ELEMENTS--GENERAL INFORMATION
fixed length control field 090401t2001 xxu||||| |||| 00| 0 eng d
022 ## - INTERNATIONAL STANDARD SERIAL NUMBER
International Standard Serial Number 0308-6666
035 ## - SYSTEM CONTROL NUMBER
System control number (Sirsi) u52429
041 ## - LANGUAGE CODE
Language code of text/sound track or separate title eng
050 ## - LIBRARY OF CONGRESS CALL NUMBER
Classification number 314.1
-- 18
245 ## - TITLE STATEMENT
Title Monthly digest of statistics
260 ## - PUBLICATION, DISTRIBUTION, ETC.
Place of publication, distribution, etc. London
Name of publisher, distributor, etc. Stationery Office
Date of publication, distribution, etc. 2001-
505 ## - FORMATTED CONTENTS NOTE
Formatted contents note National accounts
505 ## - FORMATTED CONTENTS NOTE
Formatted contents note Population and virtual statistics
505 ## - FORMATTED CONTENTS NOTE
Formatted contents note Labour market
505 ## - FORMATTED CONTENTS NOTE
Formatted contents note Social services
505 ## - FORMATTED CONTENTS NOTE
Formatted contents note Law enforcement
505 ## - FORMATTED CONTENTS NOTE
Formatted contents note Agriculture, food, drinks and tobacco
505 ## - FORMATTED CONTENTS NOTE
Formatted contents note Production, output and costs
505 ## - FORMATTED CONTENTS NOTE
Formatted contents note Energy
505 ## - FORMATTED CONTENTS NOTE
Formatted contents note Chemicals
505 ## - FORMATTED CONTENTS NOTE
Formatted contents note Metals, engineering and vehicles
505 ## - FORMATTED CONTENTS NOTE
Formatted contents note Textiles and other manufacturers
505 ## - FORMATTED CONTENTS NOTE
Formatted contents note Construction
505 ## - FORMATTED CONTENTS NOTE
Formatted contents note Transport
505 ## - FORMATTED CONTENTS NOTE
Formatted contents note Retailing
505 ## - FORMATTED CONTENTS NOTE
Formatted contents note External trade in goods
505 ## - FORMATTED CONTENTS NOTE
Formatted contents note UK balance of payments
505 ## - FORMATTED CONTENTS NOTE
Formatted contents note Government finance
505 ## - FORMATTED CONTENTS NOTE
Formatted contents note Prices and wages
505 ## - FORMATTED CONTENTS NOTE
Formatted contents note Leisure
505 ## - FORMATTED CONTENTS NOTE
Formatted contents note Weather
520 ## - SUMMARY, ETC.
Summary, etc. A monthly digest of statistics from government departments produced by the Office for National Statistics. The statistics are arranged by 20 themes (see above) and incorporate "Britain update", an economic and social overview of the UK. View at www.statistics.gov.uk.
650 ## - SUBJECT ADDED ENTRY--TOPICAL TERM
Topical term or geographic name entry element BUILDING MATERIALS PRICES
650 ## - SUBJECT ADDED ENTRY--TOPICAL TERM
Topical term or geographic name entry element BUSINESS INVESTMENT
650 ## - SUBJECT ADDED ENTRY--TOPICAL TERM
Topical term or geographic name entry element CEREAL PRODUCTION
650 ## - SUBJECT ADDED ENTRY--TOPICAL TERM
Topical term or geographic name entry element CONSTRUCTION STATISTICS
650 ## - SUBJECT ADDED ENTRY--TOPICAL TERM
Topical term or geographic name entry element CONSTRUCTION OUTPUT STATISTICS
650 ## - SUBJECT ADDED ENTRY--TOPICAL TERM
Topical term or geographic name entry element CRIME
650 ## - SUBJECT ADDED ENTRY--TOPICAL TERM
Topical term or geographic name entry element CROPS
650 ## - SUBJECT ADDED ENTRY--TOPICAL TERM
Topical term or geographic name entry element CROPS
650 ## - SUBJECT ADDED ENTRY--TOPICAL TERM
Topical term or geographic name entry element DAIRY PRODUCTION
650 ## - SUBJECT ADDED ENTRY--TOPICAL TERM
Topical term or geographic name entry element EMPLOYMENT LEVELS
650 ## - SUBJECT ADDED ENTRY--TOPICAL TERM
Topical term or geographic name entry element ENERGY CONSUMPTION
650 ## - SUBJECT ADDED ENTRY--TOPICAL TERM
Topical term or geographic name entry element ENERGY STATISTICS
650 ## - SUBJECT ADDED ENTRY--TOPICAL TERM
Topical term or geographic name entry element ENGINEERING
650 ## - SUBJECT ADDED ENTRY--TOPICAL TERM
Topical term or geographic name entry element GDP
650 ## - SUBJECT ADDED ENTRY--TOPICAL TERM
Topical term or geographic name entry element HOUSE BUILDING STARTS
650 ## - SUBJECT ADDED ENTRY--TOPICAL TERM
Topical term or geographic name entry element LABOUR MARKET
650 ## - SUBJECT ADDED ENTRY--TOPICAL TERM
Topical term or geographic name entry element LAND USE STATISTICS
650 ## - SUBJECT ADDED ENTRY--TOPICAL TERM
Topical term or geographic name entry element PROPERTY-RURAL AND NATURAL ASSETS-AGRICULTURAL PROPERTY-LIVESTOCK
650 ## - SUBJECT ADDED ENTRY--TOPICAL TERM
Topical term or geographic name entry element MANUFACTURING INVESTMENT
650 ## - SUBJECT ADDED ENTRY--TOPICAL TERM
Topical term or geographic name entry element NATIONAL ACCOUNTS
650 ## - SUBJECT ADDED ENTRY--TOPICAL TERM
Topical term or geographic name entry element OUTPUT STATISTICS
650 ## - SUBJECT ADDED ENTRY--TOPICAL TERM
Topical term or geographic name entry element POPULATION STATISTICS
650 ## - SUBJECT ADDED ENTRY--TOPICAL TERM
Topical term or geographic name entry element PRODUCTIVITY LEVELS
650 ## - SUBJECT ADDED ENTRY--TOPICAL TERM
Topical term or geographic name entry element PUBLIC SECTOR FINANCE
650 ## - SUBJECT ADDED ENTRY--TOPICAL TERM
Topical term or geographic name entry element ALL ITEMS RETAIL PRICES INDEX
650 ## - SUBJECT ADDED ENTRY--TOPICAL TERM
Topical term or geographic name entry element RETAIL SALES
650 ## - SUBJECT ADDED ENTRY--TOPICAL TERM
Topical term or geographic name entry element STATISTICS
650 ## - SUBJECT ADDED ENTRY--TOPICAL TERM
Topical term or geographic name entry element TRADE
650 ## - SUBJECT ADDED ENTRY--TOPICAL TERM
Topical term or geographic name entry element TRANSPORT STATISTICS
650 ## - SUBJECT ADDED ENTRY--TOPICAL TERM
Topical term or geographic name entry element BALANCE OF PAYMENTS
650 ## - SUBJECT ADDED ENTRY--TOPICAL TERM
Topical term or geographic name entry element UNEMPLOYMENT TRENDS
650 ## - SUBJECT ADDED ENTRY--TOPICAL TERM
Topical term or geographic name entry element WEATHER CONDITIONS
690 ## - LOCAL SUBJECT ADDED ENTRY--TOPICAL TERM (OCLC, RLIN)
Topical term or geographic name as entry element ECONOMIC ISSUES
700 ## - ADDED ENTRY--PERSONAL NAME
Personal name Cowley, Michael
International Standard Serial Number Editor
710 ## - ADDED ENTRY--CORPORATE NAME
Corporate name or jurisdiction name as entry element Office for National Statistics
9 (RLIN) 2210
856 ## - ELECTRONIC LOCATION AND ACCESS
Uniform Resource Identifier <a href="https://www.statistics.gov.uk/statbase/Product.asp?vlnk=611">https://www.statistics.gov.uk/statbase/Product.asp?vlnk=611</a>
Public note View the digest on the Office for National Statistics website...
942 ## - ADDED ENTRY ELEMENTS (KOHA)
Suppress in OPAC 0
948 ## - LOCAL PROCESSING INFORMATION (OCLC); SERIES PART DESIGNATOR (RLIN)
c (OCLC) 04/03/1997
Holdings
Withdrawn status Lost status Source of classification or shelving scheme Damaged status Not for loan Home library Current library Shelving location Date acquired Total Checkouts Full call number Barcode Date last seen Copy number Price effective from Koha item type
    Dewey Decimal Classification     Virtual Virtual Online 17/04/2003   ONLINE PUBLICATION 52429-4001 06/08/2019 1 06/08/2019 Reference material